Missing Word: Bodies of Water in Every Category Quiz Stats

 Plays Quiz Updated Oct 4, 2017

Challenge
Share
Tweet
Embed
Score 0/15 Timer 02:00
0 Plays Today
Hint Missing Word % Correct
Tampa _____ Buccaneers (NFL)Bay
97.2%
20,000 Leagues Under the _____Sea
95.6%
Salt _____ Tabernacle (aka Mormon Tabernacle)Lake
89.1%
The Pot Calling the _____ BlackKettle
87.6%
The _____ of MusicSound
85.9%
Where Do Fish Keep Their Money? In _____ Banks!River
76.5%
National Step in a _____ and Splash Your Friends DayPuddle
75.9%
_____ DogsReservoir
74.3%
Hint Missing Word % Correct
_____ Colour SceneOcean
69.3%
Arab _____ Uprising Spring
63.8%
_____ Air LinesDelta
42.6%
_____ Revolution: Cue SportsPool
37.3%
Ear _____ (External Acoustic Meatus)Canal
36.3%
Eric Cartman, Stan _____, Kenny McCormickMarsh
32.2%
Badwater _____, Death Valley National ParkBasin
9.6%

Today's Daily Dose

Missing Word
Top 10 Artists

Word Ladder
'70s Song II

On This Day
October 20th II

You're not logged in!

Compare scores with friends on all Sporcle quizzes.
Join for Free
OR
Log In

You Might Also Like...

Show Comments

Extras

Top Quizzes Today


Score Distribution

Your Account Isn't Verified!

In order to create a playlist on Sporcle, you need to verify the email address you used during registration. Go to your Sporcle Settings to finish the process.

Report this User

Report this user for behavior that violates our Community Guidelines.

Details: